Championnat d'Europe de basket-ball 2022 - Statistiques

Statistiques générales
  • Ce quiz a été pris 250 fois
  • Le résultat moyen est 19 sur 24
Statistiques - réponses
Réponse % Correct
France
99%
Espagne
97%
Allemagne
95%
Italie
95%
Slovénie
94%
Lituanie
91%
Serbie
90%
Grèce
88%
Belgique
84%
Grande-Bretagne
84%
Pologne
81%
Turquie
81%
Finlande
79%
Hongrie
73%
Croatie
72%
Ukraine
72%
Pays-Bas
69%
Estonie
68%
Bosnie-Herzégovine
67%
République Tchèque
67%
Monténégro
63%
Bulgarie
61%
Géorgie
45%
Israël
41%
Aucun quiz correspondant
Distribution des résultats
% des personnes avec chaque résultat
Percentile par nombre de réponses
Votre historique - résultats
Vous n’avez pas pris ce quiz